[Event "Val Thorens op"]
[Site "Val Thorens"]
[Date "1995.??.??"]
[Round "?"]
[White "Scotti, H."]
[Black "Georgiev, Vladimir"]
[Result "0-1"]
[WhiteElo "2205"]
[BlackElo "2440"]
[PlyCount "62"]
[EventDate "1995.??.??"]
[EventType "swiss"]
[EventRounds "9"]
[EventCountry "FRA"]
[SourceTitle "EXT 1999"]
[Source "ChessBase"]
[SourceDate "1998.11.16"]
[SourceVersion "1"]
[SourceVersionDate "1998.11.16"]
[SourceQuality "1"]

1. e4 c5 2. c3 d5 3. exd5 Qxd5 4. d4 Nc6 5. Nf3 Bg4 6. Be2 cxd4 7. cxd4 e6 8. Nc3 Qa5 9. 0-0 Nf6 10. a3 Be7 11. Be3 Nd5 12. Qb3 Nxc3 13. bxc3 Qc7 14. h3 Bf5 15. c4 0-0 16. Rac1 Na5 17. Qa4 Rfd8 18. Rfd1 Bf6 19. Bd2 Nc6 20. Be3 Be4 21. Qb3 Bxf3 22. Bxf3 Bxd4 23. Bxc6 Bxe3 24. Bxb7 Bxc1 25. Bxa8 Rxd1+ 26. Qxd1 Bxa3 27. Qa4 Qe7 28. Be4 g6 29. g3 Bc5 30. Kg2 Qd6 31. Qc6 Qd4 0-1